[Event "Sydney International Open 2007"]
[Site "Parramatta"]
[Date "2007.04.12"]
[Round "7"]
[White "Smith, Robert W"]
[Black "Toth, Andras"]
[Result "1/2-1/2"]
[WhiteElo "2294"]
[BlackElo "2408"]
[WhiteACF "2285"]
[BlackACF "2430"]
1.e4 c5 2.Nf3 d6 3.d4 cxd4 4.Nxd4 Nf6 5.Nc3 a6 6.f3 e6 7.Be3 Nbd7 8.g4 h6 9.Qd2 b5 10.g5 hxg5 11.Bxg5 Bb7 12.Bd3 Be7 13.h4 Qa5 14.Nb3 Qc7 15.O-O-O Ne5 16.Rhf1 b4 17.Ne2 d5 18.exd5 Bxd5 19.Nf4 Nxd3+ 20.Nxd3 a5 21.Kb1 a4 22.Nbc1 Bc4 23.Rg1 a3 24.Bf4 Qa5 25.b3 Bxd3 26.Nxd3 Nd5 27.Be5 Bf6 28.Rde1 Rxh4 29.Bxf6 gxf6 30.Rg8+ Kd7 31.Rxa8 Qxa8 32.Nxb4 Rxb4 33.c4 Rb8 34.cxd5 Qxd5 35.Qxd5+ exd5 36.Kc2 Rc8+ 37.Kd3 Kd6 38.b4 Rc4 39.Rb1 Kc6 40.Rb3 Kb5 41.Rxa3 Kxb4 42.Ra7 Rc3+ 43.Kd4 Rxf3

[Event "Sydney International Open 2007"]
[Site "Parramatta"]
[Date "2007.04.12"]
[Round "7"]
[White "Matamoros Franco, Carlos S"]
[Black "Pyke, Malcolm L"]
[Result "1-0"]
[WhiteElo "2523"]
[BlackElo "2235"]
[WhiteACF "-"]
[BlackACF "2135"]
1.c4 c5 2.g3 Nf6 3.Bg2 d5 4.cxd5 Nxd5 5.Nc3 Nc7 6.Qb3 Nd7 7.Nf3 e6 8.O-O Be7 9.d4 O-O 10.Rd1 cxd4 11.Nxd4 Bc5 12.Be3 Qe7 13.Rac1 Na6 14.Bxb7 Bxd4 15.Bxa8 Nac5 16.Qa3 Bxe3 17.fxe3 Qg5 18.Ne4 Nxe4 19.Bxe4 Nf6 20.Qxf8+ Kxf8 21.Rxc8+ Ne8 22.Rdd8 Qxe3+ 23.Kf1 Ke7 24.Rxe8+ Kf6 25.Bf3 Qd4 26.Rc7 g5 27.Ree7 g4 28.Rxf7+ Ke5 29.Rfd7 Qxb2 30.Bxg4 Qxa2 31.Rc6 Qb1+ 32.Kf2

[Event "Sydney International Open 2007"]
[Site "Parramatta"]
[Date "2007.04.12"]
[Round "7"]
[White "Solomon, Stephen J"]
[Black "Yu, Ronald"]
[Result "1-0"]
[WhiteElo "2430"]
[BlackElo "2177"]
[WhiteACF "2428"]
[BlackACF "2182"]
1.e4 c6 2.d4 d5 3.Nd2 dxe4 4.Nxe4 Nd7 5.Ng5 Ngf6 6.Bd3 e6 7.Qe2 Bd6 8.N1f3 h6 9.Ne4 Nxe4 10.Qxe4 Qc7 11.Qg4 Kf8 12.Bd2 e5 13.O-O-O c5 14.d5 Nf6 15.Qh4 Nxd5 16.Rhe1 Bd7 17.Bc4 Bc6 18.Ba5 Nb6 19.Qg4 Qe7 20.Bxb6 axb6 21.h4 Re8 22.h5 Qf6 23.Bd5 g5 24.hxg6 Bxd5 25.Rxd5 Rg8 26.Nh4 fxg6 27.Rd3 e4 28.Rxe4 Rxe4 29.Qxe4 Bf4+ 30.Kd1 Qxh4 31.Rf3 Qd8+ 32.Qd3 Kg7 33.Rxf4 Qxd3+ 34.cxd3 Rd8 35.Ke2 Re8+ 36.Re4 Rh8 37.Re6 b5 38.a3 b6 39.Kd2 Rf8 40.Ke3 Rf6 41.Rxf6 Kxf6 42.d4 Kf5 43.dxc5 bxc5 44.b3 h5 45.a4 c4 46.a5

[Event "Sydney International Open 2007"]
[Site "Parramatta"]
[Date "2007.04.12"]
[Round "7"]
[White "Goldenberg, Igor"]
[Black "Atzmon-Simon, Barak"]
[Result "1-0"]
[WhiteElo "2388"]
[BlackElo "2157"]
[WhiteACF "2368"]
[BlackACF "2080"]
1.d4 d6 2.c4 f5 3.Nf3 g6 4.g3 Nf6 5.Bg2 Bg7 6.O-O O-O 7.Nc3 Qe8 8.d5 a5 9.Nd4 Na6 10.Rb1 Bd7 11.b3 Nc5 12.Bb2 c6 13.Qc2 e5 14.dxe6 Bxe6 15.Nxe6 Qxe6 16.e3 Nfe4 17.Rbd1 Rad8 18.Nxe4 Nxe4 19.Bxg7 Kxg7 20.Rd4 Rfe8 21.Rfd1 Rd7 22.Bxe4 fxe4 23.Qd2 Red8 24.Qxa5 h5 25.Qg5 Rf8 26.Qa5 Rf5 27.Qd2 d5 28.cxd5 cxd5 29.Qc3 Kh7 30.Rc1 h4 31.Qc8 Qf7 32.Rd2 Rh5 33.Rdc2 hxg3 34.fxg3 d4 35.Qxd7 Qxd7 36.Rc7 Rd5 37.Rxd7+ Rxd7 38.exd4 Rxd4 39.Rc2 Kg7 40.Kf2 Rd3 41.Re2 Rd4 42.Ke3 Rb4 43.Rc2 Kf6 44.Rc4 Rb5 45.Rxe4 g5 46.h4 Rd5 47.hxg5+ Kxg5 48.Rd4 Rc5 49.Kd3 Kf6 50.g4 Ke6 51.a4 Rc1 52.Rc4 Rd1+ 53.Kc3 Rd6 54.Rd4 Rc6+ 55.Kb4 Ke5 56.Rc4 Rg6 57.Kb5 Rd6 58.Rc7 b6 59.Rc6 Rd3 60.b4 Rd5+ 61.Kxb6 Rd4 62.Ka5 Rxg4 63.b5 Kd5 64.Rc1 Rg8 65.b6 Rg2 66.Ka6 Rb2 67.a5

[Event "Sydney International Open 2007"]
[Site "Parramatta"]
[Date "2007.04.12"]
[Round "7"]
[White "Ly, Moulthun"]
[Black "Ikeda, Junta"]
[Result "1-0"]
[WhiteElo "2322"]
[BlackElo "2154"]
[WhiteACF "2260"]
[BlackACF "2164"]
1.e4 c5 2.Nf3 e6 3.d4 cxd4 4.Nxd4 a6 5.Bd3 Nc6 6.Nb3 Nf6 7.Qe2 d6 8.O-O g6 9.Nc3 Bg7 10.f4 O-O 11.Kh1 b5 12.Bd2 Bb7 13.a4 b4 14.Na2 a5 15.c3 bxc3 16.Nxc3 Nb4 17.Bb5 Nh5 18.Rad1 Qe7 19.Be3 f5 20.exf5 Rxf5 21.Nd4 Rf7 22.Bc4 d5 23.Bb5 Raf8 24.Kg1 Bc8 25.Qd2 Kh8 26.Nb3 Qc7 27.Ne2 Nf6 28.Rc1 Qd8 29.Nc3 Bd7 30.Bc5 Re8 31.Bd4 Nc6 32.Bc5 Qa8 33.Rce1 Kg8 34.Kh1 Rc8 35.Bg1 Nd8 36.Nc5 Bxb5 37.axb5 Re7 38.N3a4 Rb8 39.Qd3 Kf7 40.Na6 Ne4 41.Nxb8 Qxb8 42.Nc5 Nd6 43.b6 Nc4 44.f5 gxf5 45.Nxe6 Rxe6 46.Qxf5+ Ke7 47.Bc5+ Kd7 48.Qxd5+ Rd6 49.Qxc4

[Event "Sydney International Open 2007"]
[Site "Parramatta"]
[Date "2007.04.12"]
[Round "7"]
[White "Smirnov, Vladimir"]
[Black "Suttor, Vincent"]
[Result "1/2-1/2"]
[WhiteElo "2319"]
[BlackElo "2153"]
[WhiteACF "2303"]
[BlackACF "2173"]
1.d4 c5 2.d5 g6 3.e4 Bg7 4.Nf3 d6 5.c3 e6 6.Bb5+ Bd7 7.Bxd7+ Qxd7 8.dxe6 Qxe6 9.O-O Nc6 10.Qb3 Qxb3 11.axb3 Nge7 12.Na3 O-O 13.Rd1 Rfd8 14.Bg5 d5 15.exd5 Rxd5 16.Rxd5 Nxd5 17.Rd1 Nf6 18.Kf1 Rd8 19.Rxd8+ Nxd8 20.Nb5 Nc6 21.Nd6 b6 22.Ke2 Kf8 23.h3 h6 24.Bf4 Ke7 25.Nc4 Nd7 26.Nfd2 Ke6 27.g4 f5 28.gxf5+ Kxf5 29.Bg3 Ke6 30.Bf4 Kf5 31.Ke3 Nde5 32.Nxe5 Nxe5 33.Nc4 Ke6 34.Bg3 Kd5 35.Nd2 Nd7 36.Bf4 Bf8 37.Nc4 g5 38.Bg3 b5 39.Nd2 a6 40.Ne4 c4 41.bxc4+ Kxc4 42.Nd2+ Kd5 43.f4 Nc5 44.fxg5

[Event "Sydney International Open 2007"]
[Site "Parramatta"]
[Date "2007.04.12"]
[Round "7"]
[White "Cunanan, Homer"]
[Black "Garbett, Paul"]
[Result "0-1"]
[WhiteElo "2150"]
[BlackElo "2313"]
[WhiteACF "-"]
[BlackACF "2394"]
1.e4 c5 2.Nf3 e6 3.d4 cxd4 4.Nxd4 Nc6 5.Nxc6 bxc6 6.Bd3 d5 7.O-O Nf6 8.e5 Nd7 9.f4 Nc5 10.Be2 Be7 11.Nd2 Qb6 12.Kh1 a5 13.Qe1 g6 14.Qg3 Rb8 15.Qh3 Ba6 16.c4 Nd7 17.Nf3 Bxc4 18.Bxc4 dxc4 19.f5 gxf5 20.Qh6 Bf8 21.Qh5 h6 22.Ng5 hxg5 23.Qxh8 Qd4 24.Bxg5 Rxb2 25.Rad1 Qg4 26.Rg1 Rxg2 27.Rxg2 Qxd1+ 28.Rg1 Qf3+ 29.Rg2 c3 30.Qh4 Qd1+ 31.Rg1 Qd5+ 32.Rg2 Nxe5 33.Qf4 Bc5 34.Qf1 c2 35.Bd2 Nd3 36.h3 Nf2+ 37.Kh2 Qxd2

[Event "Sydney International Open 2007"]
[Site "Parramatta"]
[Date "2007.04.12"]
[Round "7"]
[White "Zirdum, Ivan"]
[Black "Steadman, Michael"]
[Result "0-1"]
[WhiteElo "2061"]
[BlackElo "2273"]
[WhiteACF "2036"]
[BlackACF "2227"]
1.Nf3 Nf6 2.c4 e6 3.d4 d5 4.e3 Be7 5.Nc3 O-O 6.Bd3 dxc4 7.Bxc4 a6 8.a4 c5 9.O-O cxd4 10.exd4 Nc6 11.Bg5 Nd5 12.Bxe7 Ncxe7 13.Bd3 b6 14.Ne4 Bb7 15.Bb1 Ng6 16.Ra3 Nf6 17.Neg5 Qd5 18.Re1 Rad8 19.Ba2 Qa5 20.Bb1 Rd5 21.Ne4 Nxe4 22.Bxe4 Rd7 23.Bxb7 Rxb7 24.Ne5 Qb4 25.Nxg6 hxg6 26.Re2 Rd8 27.Rd3 Rbd7 28.Red2 Rd5 29.h3 Rc8 30.g3 Rc4 31.b3 Rc3 32.Rxc3 Qxc3 33.Rd3 Qb4 34.f4 g5 35.Kf2 gxf4 36.gxf4 Qe7 37.Qg4 Qc7 38.Qf3 Rf5 39.Ke3 Qc1+ 40.Ke4 Rd5 41.Rc3 Qb1+ 42.Rd3 Qe1+ 43.Qe3 Qf1 44.Qf3 Qg1 45.Qe3 Qh2 46.Qg3 Qc2 47.Qe3 Rh5 48.Qg3 Qc6+ 49.Ke3 Rh6 50.Kd2 Rg6 51.d5 Qxd5 52.Qxg6 Qa5+

[Event "Sydney International Open 2007"]
[Site "Parramatta"]
[Date "2007.04.12"]
[Round "7"]
[White "Ayvazyan, Armen"]
[Black "Lazarus, Benjamin"]
[Result "1-0"]
[WhiteElo "2241"]
[BlackElo "2140"]
[WhiteACF "2241"]
[BlackACF "1981"]
1.c4 c5 2.Nf3 g6 3.d4 cxd4 4.Nxd4 Bg7 5.e4 Nc6 6.Be3 Nf6 7.Nc3 O-O 8.Be2 d6 9.O-O Bd7 10.Nc2 Ne5 11.Qd2 Bc6 12.f3 b6 13.Rac1 Bb7 14.Rfd1 Nfd7 15.Nd4 a5 16.Nd5 Nc5 17.b3 Nc6 18.Nb5 h5 19.Qe1 Ne5 20.Bf1 Kh7 21.Kh1 Bc6 22.Nd4 Bb7 23.h3 Rh8 24.Qh4 Bxd5 25.exd5 e6 26.Qxd8 Raxd8 27.Nb5 Rhe8 28.f4 Bh6 29.Bxc5 dxc5 30.fxe5 Bxc1 31.Rxc1 exd5 32.Nd6 Re7 33.cxd5 Kg7 34.Bc4 Rxe5 35.Nb5 Rde8 36.Kg1 Re1+ 37.Rxe1 Rxe1+ 38.Kf2 Rd1 39.d6 Kf8 40.Ke2 Ra1 41.Nc3 Rc1 42.Kd2 Rg1 43.Bd5 Rf1 44.Bc6 Rf6 45.d7 Rd6+ 46.Nd5 f6 47.Kc3 b5 48.a4 bxa4 49.bxa4 c4 50.Nb6 Kf7 51.Bd5+ Kf8 52.Kxc4

[Event "Sydney International Open 2007"]
[Site "Parramatta"]
[Date "2007.04.12"]
[Round "7"]
[White "Broekhuyse, Paul"]
[Black "Repplinger, Marc"]
[Result "1/2-1/2"]
[WhiteElo "2137"]
[BlackElo "2239"]
[WhiteACF "2135"]
[BlackACF "-"]
1.d4 d5 2.c4 c6 3.Nf3 Nf6 4.cxd5 cxd5 5.Nc3 Nc6 6.Bf4 a6 7.e3 Bf5 8.Ne5 Qb6 9.Qb3 Qxb3 10.axb3 Bd7 11.Nxd7 Kxd7 12.Na4 Kd8 13.Nb6 Ra7 14.Be2 e6 15.O-O Nd7 16.Na4 Ra8 17.Nc3 Rc8 18.Rfd1 Nb4 19.f3 Be7 20.e4 Nb6 21.Na4 Nxa4 22.bxa4 Kd7 23.Rd2 h6 24.Bd1 Rhd8 25.a5 Ke8 26.Ba4+ Kf8 27.Kf1 Bf6 28.Be3 Be7 29.Bb3 Rd7 30.Ke2 Bd6 31.e5 Be7 32.f4 f5 33.h3 Rdc7 34.g4 Nc2 35.Bxc2 Rxc2 36.gxf5 exf5 37.Kd3 Rxd2+ 38.Bxd2 Rc4 39.b3 Rc6 40.Rc1 Kf7 41.Rxc6 bxc6 42.b4 g5 43.Ke2 Kg6 44.Kf3 Kh5 45.fxg5 hxg5 46.Be1 Bf8 47.Kg3 Bg7 48.Kf3 Bh6 49.Kg3 g4 50.hxg4+ fxg4 51.e6 Kg6 52.e7 Kf7 53.Kxg4 Be3 54.Bc3 Kxe7 55.Kf5 Bf2 56.Ke5 Bg3+ 57.Kf5 Kf7 58.Kg4 Bh2 59.Kf5 Ke7 60.Bd2 Bg1 61.Ke5 Bh2+

[Event "Sydney International Open 2007"]
[Site "Parramatta"]
[Date "2007.04.12"]
[Round "7"]
[White "Stojic, Svetozar"]
[Black "Shipov, Sergei"]
[Result "0-1"]
[WhiteElo "1991"]
[BlackElo "2592"]
[WhiteACF "1875"]
[BlackACF "-"]
1.e4 c5 2.Nf3 d6 3.d4 cxd4 4.Nxd4 Nf6 5.Nc3 a6 6.Bg5 e6 7.f4 Qb6 8.Qd2 Nc6 9.O-O-O Qxd4 10.Qxd4 Nxd4 11.Rxd4 Rb8 12.Be2 Be7 13.Rhd1 O-O 14.Bxf6 gxf6 15.R4d3 Bd7 16.Rh3 Kh8 17.Bd3 Rg8 18.e5 Rxg2 19.exd6 Bxd6 20.Rxh7+ Kg8 21.Rh4 Bc6 22.Bh7+ Kg7 23.Be4 Bxe4 24.Nxe4 Be7 25.Rd7 Rd8 26.Rxd8 Bxd8 27.Nd6 f5 28.Rh3 Rf2 29.Rb3 b5 30.Rd3 Be7 31.Rd4 Rxf4 32.Rxf4 Bg5 33.Kd1 Bxf4 34.Nb7 Bxh2 35.a4 Kf6 36.Nc5 Bd6 37.Nxa6 bxa4 38.c4 Ke5 39.c5 Be7 40.c6 Kd6 41.Nc5 Kxc6 42.Nxa4 Bf6 43.Kc2 Kb5 44.b3 Bd4

[Event "Sydney International Open 2007"]
[Site "Parramatta"]
[Date "2007.04.12"]
[Round "7"]
[White "West, Guy"]
[Black "Zvedeniouk, Ilia"]
[Result "0-1"]
[WhiteElo "2368"]
[BlackElo "2121"]
[WhiteACF "2326"]
[BlackACF "2075"]
1.e4 e6 2.d4 d5 3.Nc3 Bb4 4.Ne2 dxe4 5.a3 Be7 6.Nxe4 Nd7 7.N2g3 Ngf6 8.Bc4 Nxe4 9.Nxe4 Nf6 10.Ng5 O-O 11.O-O Bd7 12.Qe2 Bc6 13.Rd1 a6 14.c3 b5 15.Bxe6 h6 16.Nh3 Re8 17.Bb3 Bxa3 18.Qd3 Be4 19.Qf1 Bd6 20.Nf4 c6 21.f3 Bf5 22.g3 Qc7 23.Ng2 c5 24.dxc5 Bxc5+ 25.Kh1 Bh3 26.Bf4 Qc6 27.Qd3 Ng4 28.Rd2 Rad8 29.Qxd8 Nf2+ 30.Kg1 Nd3+ 31.Qd4 Bxd4+ 32.cxd4 Bxg2 33.Rxd3 Bxf3 34.Rc1 Qe4 35.Rd2 g5 36.Bc2 Qd5

[Event "Sydney International Open 2007"]
[Site "Parramatta"]
[Date "2007.04.12"]
[Round "7"]
[White "Stojic, Dusan"]
[Black "Illingworth, Max"]
[Result "0-1"]
[WhiteElo "2271"]
[BlackElo "2007"]
[WhiteACF "2223"]
[BlackACF "1963"]
1.e4 c5 2.Nf3 Nc6 3.d4 cxd4 4.Nxd4 Nf6 5.Nc3 e5 6.Ndb5 d6 7.Bg5 a6 8.Na3 b5 9.Nd5 Be7 10.Bxf6 Bxf6 11.c3 Bg5 12.Nc2 O-O 13.a4 bxa4 14.Rxa4 a5 15.Bc4 Rb8 16.b3 Kh8 17.O-O f5 18.exf5 Bxf5 19.Nce3 Bg6 20.Bd3 Bf7 21.Be4 Bg8 22.Ra3 Rb5 23.Qd3 Qb8 24.Rb1 Ne7 25.Nxe7 Bxe7 26.c4 Rc5 27.Nf5 d5 28.Nxe7 dxe4 29.Qxe4 Qd6 30.Nxg8 Kxg8 31.Raa1 Rf4 32.Qa8+ Rf8 33.Qe4 Rf4 34.Qe2 Rd4 35.Rd1 h6 36.Rxd4 exd4 37.Qe8+ Kh7 38.Qe4+ g6 39.Re1 a4 40.bxa4 Rxc4 41.g3 Rc7 42.Rd1 Re7 43.Qxd4 Re1+ 44.Kg2 Rxd1

[Event "Sydney International Open 2007"]
[Site "Parramatta"]
[Date "2007.04.12"]
[Round "7"]
[White "Wright, Neil S"]
[Black "Hornsgaard, Jens Boe"]
[Result "1-0"]
[WhiteElo "2217"]
[BlackElo "2076"]
[WhiteACF "2118"]
[BlackACF "2040"]
1.d4 Nf6 2.c4 g6 3.Nc3 d5 4.Bg5 Ne4 5.h4 Nxg5 6.hxg5 dxc4 7.e3 Bg7 8.Bxc4 e5 9.dxe5 Qxg5 10.Qb3 O-O 11.Nf3 Qxg2 12.Ke2 Qg4 13.Rag1 Qf5 14.e4 Qd7 15.Rxh7 Kxh7 16.Ng5+ Kh6 17.e6 fxe6 18.Nd1 Bc3 19.Qxc3 Qc6 20.Rh1+ Kxg5 21.Qe5+ Rf5 22.Rg1+

[Event "Sydney International Open 2007"]
[Site "Parramatta"]
[Date "2007.04.12"]
[Round "7"]
[White "Bernardino, Almario Marlon"]
[Black "Dragicevic, Domagoj"]
[Result "1-0"]
[WhiteElo "2146"]
[BlackElo "2196"]
[WhiteACF "-"]
[BlackACF "2126"]
1.Nf3 Nf6 2.g3 e6 3.Bg2 d5 4.c4 Be7 5.O-O O-O 6.b3 c5 7.Bb2 Nc6 8.Na3 d4 9.d3 e5 10.Nc2 Bf5 11.Nh4 Bg4 12.h3 Bh5 13.Qd2 Re8 14.e4 Nd7 15.Nf5 Bf8 16.Kh1 Bg6 17.Bc1 Nf6 18.Nh4 Nd7 19.Nxg6 hxg6 20.Qe2 g5 21.Qh5 f6 22.f4 gxf4 23.gxf4 Qe7 24.f5 a6 25.Bf3 b5 26.Rg1 Qd8 27.Bh6 Ra7 28.Bxg7 Bxg7 29.Rxg7+ Kxg7 30.Rg1+ Kf8 31.Qh7

[Event "Sydney International Open 2007"]
[Site "Parramatta"]
[Date "2007.04.12"]
[Round "7"]
[White "Moylan, Laura A"]
[Black "Lin, Zhigen Wilson"]
[Result "1/2-1/2"]
[WhiteElo "2092"]
[BlackElo "2189"]
[WhiteACF "2076"]
[BlackACF "2103"]
1.d4 d5 2.Nc3 Nf6 3.Bg5 Nbd7 4.f3 c6 5.Qd2 e5 6.dxe5 Nxe5 7.e4 Bb4 8.O-O-O h6 9.Qd4 Bxc3 10.Qxc3 Ned7 11.Bh4 dxe4 12.fxe4 O-O 13.e5 Nd5 14.Qe1 Qc7 15.Bg3 Qb6 16.Bf2 Qc7 17.Bg3 Qb6 18.Bf2 Qb4 19.Nf3 Qxe1 20.Rxe1 Re8 21.Bc4 N5b6 22.Bb3 Nf8 23.Rhg1 Be6 24.g4 Nd5 25.Rg3 a5 26.a4 Nf4 27.Nd4 N8g6 28.Bxe6 Nxe6 29.Nf3 Rad8 30.h4 Nef4 31.Be3 Nd5 32.Bd2 b6 33.h5 Ngf4 34.g5 Kh7 35.Rg4 Ne6 36.gxh6 gxh6 37.Reg1 Ne7 38.c3 Nf5 39.Nh4 Nxh4 40.Rxh4 Nc5 41.Bf4 b5 42.axb5 cxb5 43.Rhg4 Ne6 44.Be3 Rd5 45.Rf1 Re7 46.Rf6 Ng5 47.Bxg5 hxg5 48.Rxg5 Rdxe5 49.Rxf7+ Kh6 50.Rxe5 Rxe5 51.Ra7 a4 52.b3 axb3 53.Kb2 Rxh5 54.Kxb3 Kg6 55.Kb4 Kf6 56.Rb7 Ke6 57.Rxb5 Rh1 58.Kc5 Kd7 59.Rb7+ Kc8 60.Rb6 Rh5+ 61.Kb4 Kc7 62.Rg6 Rh4+ 63.c4 Rh5 64.c5 Rh1 65.Rd6 Rb1+ 66.Kc4 Rc1+ 67.Kd5 Rd1+ 68.Ke6 Rc1 69.Rd7+ Kc6 70.Rd8 Re1+ 71.Kf5 Kxc5

[Event "Sydney International Open 2007"]
[Site "Parramatta"]
[Date "2007.04.12"]
[Round "7"]
[White "Caoili, Arianne B"]
[Black "Mandla, Blair"]
[Result "1/2-1/2"]
[WhiteElo "2153"]
[BlackElo "1765"]
[WhiteACF "2196"]
[BlackACF "1765"]
1.c4 c5 2.Nc3 Nc6 3.g3 g6 4.Bg2 Bg7 5.a3 e6 6.Rb1 Nge7 7.b4 cxb4 8.axb4 O-O 9.Ba3 Ne5 10.Qb3 Nf5 11.b5 Re8 12.Qa4 Bf8 13.Bxf8 Rxf8 14.Nf3 Nxf3+ 15.Bxf3 a5 16.e3 d6 17.O-O Rb8 18.b6 Ra8 19.Qa3 Ra6 20.c5 dxc5 21.Qxc5 Qe7 22.Ne4 Rd8 23.d4 Ra8 24.Qe5 Ng7 25.d5 Ne8 26.dxe6 Qxe6 27.Qf4 Qf5 28.Qh4 Qxf3 29.Qxd8 Bh3 30.Nf6+ Kh8 31.Qd5 Qxd5 32.Nxd5 Bxf1 33.Kxf1 Rd8 34.Nc7 Nf6 35.Ra1 Rd6 36.Rxa5 Rxb6 37.Rb5 Rxb5 38.Nxb5 Kg7 39.f3 Kf8 40.Ke2 Ke7 41.Kd3 Nd7

[Event "Sydney International Open 2007"]
[Site "Parramatta"]
[Date "2007.04.12"]
[Round "7"]
[White "Brown, Andrew"]
[Black "Sales, Jesse Noel"]
[Result "0-1"]
[WhiteElo "1917"]
[BlackElo "2361"]
[WhiteACF "1912"]
[BlackACF "2389"]
1.d4 Nc6 2.Nf3 d5 3.Bg5 f6 4.Bh4 Bg4 5.c3 Qd7 6.Nbd2 e6 7.e3 Bd6 8.b4 Nh6 9.Bg3 Ne7 10.Qb3 O-O 11.c4 Nf7 12.c5 Bxg3 13.hxg3 e5 14.Qb2 Ng6 15.Nb3 Rae8 16.Nh2 Be6 17.Bd3 f5 18.O-O-O b6 19.b5 a6 20.bxa6 Qa4 21.Kb1 Bc8 22.Qe2 Bd7 23.Qh5 Nh6 24.cxb6 cxb6 25.Rc1 Rc8 26.f4 e4 27.Be2 Rc4 28.g4 Ra8 29.Rxc4 dxc4 30.Rc1 cxb3 31.Bc4+ Kh8 32.axb3 Qa3 33.gxf5 b5 34.Bd5 Rxa6 35.Kc2 Qa2+ 36.Kd1 Qxg2 37.Qg5 Qxg5 38.fxg5 Nxf5 39.Bxe4 Nxe3+ 40.Ke2 Nf5 41.Rc7 Nxd4+ 42.Ke3 Rd6 43.Ra7 Kg8 44.Bxg6 hxg6 45.b4 Nc2+ 46.Ke4 Nxb4 47.Nf3 Bc6+ 48.Ke5 Rd8 49.Nh4 Nd3+ 50.Ke6 Be4 51.Ke7 Rf8 52.Ra1 Rf7+ 53.Ke6 Rf4

[Event "Sydney International Open 2007"]
[Site "Parramatta"]
[Date "2007.04.12"]
[Round "7"]
[White "Dickson, Ian C"]
[Black "Dowden, Tony"]
[Result "1/2-1/2"]
[WhiteElo "1923"]
[BlackElo "2190"]
[WhiteACF "1534"]
[BlackACF "2096"]
1.Nf3 Nf6 2.c4 c5 3.g3 b6 4.Bg2 Bb7 5.O-O e6 6.Nc3 Be7 7.d3 O-O 8.b3 Qc8 9.Bb2 d6 10.e3 Nbd7 11.Qe2 Re8 12.Rac1 Bc6 13.Nh4 Bxg2 14.Nxg2 Qb7 15.f3 Bf8 16.Qf2 a6 17.a4 Ne5 18.Rcd1 Rad8 19.Ne2 b5 20.Bxe5 dxe5 21.axb5 axb5 22.Nc3 b4 23.Nb5 Rd7 24.Qc2 Red8 25.e4 g6 26.Rfe1 Bh6 27.Kf2 Bf8 28.Ke2 Bd6 29.Ra1 Bb8 30.Red1 Ne8 31.Qa2 Nc7 32.Nxc7 Qxc7

[Event "Sydney International Open 2007"]
[Site "Parramatta"]
[Date "2007.04.12"]
[Round "7"]
[White "Canfell, Mike J"]
[Black "Wei, Michael"]
[Result "0-1"]
[WhiteElo "1976"]
[BlackElo "2148"]
[WhiteACF "1746"]
[BlackACF "2149"]
1.e4 c5 2.Nf3 Nc6 3.d4 cxd4 4.Nxd4 Nf6 5.Nc3 e5 6.Ndb5 d6 7.Bg5 a6 8.Na3 b5 9.Nd5 Be7 10.Bxf6 Bxf6 11.c3 O-O 12.Nc2 Bg5 13.a4 bxa4 14.Rxa4 a5 15.Bc4 Rb8 16.b3 Kh8 17.O-O f5 18.exf5 Bxf5 19.f3 Ne7 20.Kh1 Nxd5 21.Bxd5 Qc7 22.Bc4 Rfd8 23.h4 Bf4 24.g4 Qe7 25.Kg2 Qxh4 26.Rh1 Qg3+ 27.Kf1 Bxc2 28.Qxc2 Qxf3+

[Event "Sydney International Open 2007"]
[Site "Parramatta"]
[Date "2007.04.12"]
[Round "7"]
[White "Zulfic, Fedja"]
[Black "Chan, Jason"]
[Result "1-0"]
[WhiteElo "1895"]
[BlackElo "2099"]
[WhiteACF "1719"]
[BlackACF "2015"]
1.d4 Nf6 2.c4 g6 3.Nc3 Bg7 4.e4 d6 5.Nf3 O-O 6.Be3 e5 7.dxe5 dxe5 8.Qxd8 Rxd8 9.Nd5 Nxd5 10.cxd5 c6 11.Bc4 h6 12.O-O Kf8 13.Rfd1 g5 14.b4 Bg4 15.a4 f5 16.dxc6 Nxc6 17.Bd5 Ke8 18.b5 Na5 19.Bd2 Rxd5 20.exd5 Nb3 21.Rab1 Nxd2 22.Rxd2 Kd7 23.h3 Bh5 24.b6 e4 25.Nd4 Bxd4 26.Rxd4 Be2 27.a5 Kd6 28.bxa7 Kc5 29.Rd2 Bd3 30.Rxb7 Kxd5 31.Rdb2

[Event "Sydney International Open 2007"]
[Site "Parramatta"]
[Date "2007.04.12"]
[Round "7"]
[White "Huynh, Arthur"]
[Black "Dizdarevic, Mehmedalija"]
[Result "0-1"]
[WhiteElo "1879"]
[BlackElo "2096"]
[WhiteACF "1879"]
[BlackACF "1980"]
1.d4 Nf6 2.Nf3 g6 3.c4 c5 4.Nc3 cxd4 5.Nxd4 Bg7 6.g3 O-O 7.Bg2 Nc6 8.O-O Qb6 9.Nxc6 dxc6 10.Qb3 Be6 11.Be3 Qa6 12.Qb4 Bxc4 13.Qxe7 Rfe8 14.Qb4 Bf8 15.Qa4 Qxa4 16.Nxa4 Bxe2 17.Rfe1 Ba6 18.Bc5 Rxe1+ 19.Rxe1 Bb5 20.Bd4 Nd7 21.Nc3 Bc4 22.Bh3 Nc5 23.b3 Be6 24.Bg2 a5 25.h3 Nd7 26.Na4 Rc8 27.Rc1 Ba3 28.Rd1 Bb4 29.Kf1 Re8 30.g4 Kf8 31.Be3 f5 32.g5 Kf7 33.Nb2 Be7 34.h4 Rc8 35.Ke2 b5 36.Nd3 Ke8 37.Rc1 c5 38.Nf4 Bf7 39.Nd5 c4 40.Bd4 Ba3 41.Rc2 Bc5 42.Ba1 cxb3 43.axb3 Rb8 44.Nc7+ Kd8 45.Na6 Bxb3 46.Rxc5 Rb6 47.Rc6 Bc4+ 48.Kd2 Rxc6 49.Bxc6 b4 50.Bxd7 Kxd7 51.Nc5+ Kc6 52.Nd3 Kb5 53.Ne5 Be6 54.Kc1 a4 55.Bd4 a3 56.Kb1 b3 57.Be3 f4 58.Bxf4 Bf5+

[Event "Sydney International Open 2007"]
[Site "Parramatta"]
[Date "2007.04.12"]
[Round "7"]
[White "Gibbons, Robert"]
[Black "Selnes, Hamish"]
[Result "1-0"]
[WhiteElo "2077"]
[BlackElo "1976"]
[WhiteACF "2034"]
[BlackACF "1785"]
1.c4 e6 2.Nc3 d5 3.cxd5 exd5 4.d4 c5 5.Nf3 Nc6 6.Bf4 Nf6 7.e3 Be7 8.h3 O-O 9.Be2 Be6 10.O-O b6 11.Bb5 Qc8 12.Qa4 Na5 13.Rac1 a6 14.Be2 Bd7 15.Qd1 c4 16.Ne5 b5 17.Bf3 Nc6 18.Nxd5 Nxd5 19.Bxd5 Nxe5 20.Bxe5 Ra7 21.Bf3 a5 22.d5 Ra6 23.d6 Bg5 24.Qd4 Bh6 25.b3 Bc6 26.bxc4 Bxf3 27.cxb5

[Event "Sydney International Open 2007"]
[Site "Parramatta"]
[Date "2007.04.12"]
[Round "7"]
[White "Wu, Edwin"]
[Black "Milligan, Helen"]
[Result "1/2-1/2"]
[WhiteElo "1875"]
[BlackElo "2041"]
[WhiteACF "1805"]
[BlackACF "2019"]
1.d4 Nf6 2.Nf3 e6 3.c4 b6 4.g3 Bb7 5.Bg2 Bb4+ 6.Bd2 Bxd2+ 7.Nbxd2 O-O 8.O-O d5 9.Qc2 Nbd7 10.b4 dxc4 11.Qxc4 Rc8 12.Rab1 Ne4 13.Nxe4 Bxe4 14.Rbd1 Qe7 15.Ne5 Nxe5 16.dxe5 Bxg2 17.Kxg2 c5 18.Rd6 cxb4 19.Qxb4 Rc5 20.Qd4 Rc7 21.Rd1 g6 22.Qa4 Qg5 23.Qe4 Rfc8 24.Rd7 Qf5 25.Rd8+ Kg7 26.Qxf5 gxf5 27.Rxc8 Rxc8 28.Rd2 Rc7 29.f4

[Event "Sydney International Open 2007"]
[Site "Parramatta"]
[Date "2007.04.12"]
[Round "7"]
[White "Parker, Trent"]
[Black "Reid, Vaness"]
[Result "1-0"]
[WhiteElo "1483"]
[BlackElo "1885"]
[WhiteACF "1483"]
[BlackACF "1630"]
1.Nf3 f5 2.c4 Nf6 3.Nc3 e6 4.g3 b6 5.Bg2 Bb7 6.O-O Bb4 7.Qb3 Bxc3 8.Qxc3 O-O 9.d3 Kh8 10.b4 Qe7 11.a4 d6 12.b5 Nbd7 13.a5 Rae8 14.axb6 axb6 15.Ra7 Rb8 16.Nd4 Bxg2 17.Kxg2 Nc5 18.Nc6 Qe8 19.Nxb8 Qxb8 20.Ra3 e5 21.Be3 Ncd7 22.Rfa1 Qe8 23.Ra8 Qe7 24.Rxf8+ Qxf8 25.Ra7 Qe7 26.Qa3 h6 27.Qa6 f4 28.Bd2 fxg3 29.Qc8+ Kh7 30.hxg3 e4 31.Qxc7 exd3 32.exd3 Qe2 33.Bc3 Qg4 34.Bxf6 Nxf6 35.Qxd6

[Event "Sydney International Open 2007"]
[Site "Parramatta"]
[Date "2007.04.12"]
[Round "7"]
[White "Tankel, Alan"]
[Black "Marquez, Julius Caesar"]
[Result "1-0"]
[WhiteElo "1780"]
[BlackElo "1450"]
[WhiteACF "1780"]
[BlackACF "1450"]
1.d4 Nf6 2.c4 c5 3.d5 e6 4.Nc3 exd5 5.cxd5 d6 6.e4 g6 7.f4 Bg7 8.Bb5+ Nfd7 9.a4 O-O 10.Nf3 b6 11.O-O Ba6 12.Re1 Re8 13.Qd3 Bxb5 14.Nxb5 Nf6 15.e5 dxe5 16.fxe5 Qxd5 17.exf6 Qxd3 18.Rxe8+ Bf8 19.Bh6 Nd7 20.Rxa8 a6 21.Nc3 g5 22.Rd1 Qg6 23.Rxd7 Qxh6 24.Rdd8

[Event "Sydney International Open 2007"]
[Site "Parramatta"]
[Date "2007.04.12"]
[Round "7"]
[White "Kumar, Karishma"]
[Black "Neegam, Gor"]
[Result "1-0"]
[WhiteElo "755"]
[BlackElo "1641"]
[WhiteACF "755"]
[BlackACF "-"]
1.d4 d5 2.Nf3 Nc6 3.c4 Nf6 4.cxd5 Nxd5 5.Nc3 e6 6.e4 Nf6 7.Bg5 Be7 8.Bxf6 Bxf6 9.e5 Be7 10.Bc4 O-O 11.O-O Bd7 12.Qe2 a6 13.Qe4 b5 14.Bd3 Bb4 15.Qxh7+

[Event "Sydney International Open 2007"]
[Site "Parramatta"]
[Date "2007.04.12"]
[Round "8"]
[White "Rej, Tomek"]
[Black "Timoshenko, Georgy"]
[Result "0-1"]
[WhiteElo "2260"]
[BlackElo "2566"]
[WhiteACF "2258"]
[BlackACF "-"]
1.d4 Nf6 2.c4 e6 3.Nc3 Bb4 4.a3 Bxc3+ 5.bxc3 O-O 6.Qc2 c5 7.e4 d5 8.e5 Ne4 9.Bd3 Qa5 10.Ne2 cxd4 11.f3 dxc4 12.Bxe4 d3 13.Qb1 Nd7 14.Ng3 Qxc3+ 15.Kf2 Qxe5 16.f4 Qc7 17.Be3 Nf6 18.h3 e5 19.fxe5 Nxe4+ 20.Nxe4 Qxe5 21.Nd2 Qf5+ 22.Nf3 b6 23.Qc1 Be6 24.Qc3 f6 25.Rhf1 Bd5 26.Kg1 Rfe8 27.Rae1 Rac8 28.Rf2 Qh5 29.Nd4 Re5 30.Nf3 Re4 31.Nd4 Qe5 32.Rf5 Qd6 33.Rf2 Rce8 34.Nf5 Qe5 35.Qd2 Be6 36.Nxg7 Kxg7 37.Bh6+ Kh8 38.Rxe4 Qxe4 39.Kh2 Bd5 40.Bf4 Rg8 41.Bg3 Qg6 42.Qf4 Qxg3+

[Event "Sydney International Open 2007"]
[Site "Parramatta"]
[Date "2007.04.12"]
[Round "8"]
[White "Rogers, Ian"]
[Black "Zhao, Zong-Yuan"]
[Result "1/2-1/2"]
[WhiteElo "2513"]
[BlackElo "2476"]
[WhiteACF "2621"]
[BlackACF "2537"]
1.Nf3 Nf6 2.c4 c6 3.b3 d5 4.g3 dxc4 5.bxc4 e5 6.Bb2 e4 7.Nd4 Bd6 8.Qc2 O-O 9.Bg2 Re8 10.O-O Bg4 11.Nc3 Be5 12.Nb3 Na6 13.Rae1 Qd7 14.Nd1 Rad8 15.Ne3 Bh3 16.f3 Bxg2 17.Kxg2 c5 18.fxe4 Nb4 19.Qb1 Bxb2 20.Qxb2 Nxe4 21.Nf5 f6 22.d3 Nd6 23.Nxg7 Qxg7 24.Nxc5 Nc6 25.Qxf6 Qxf6 26.Rxf6 Nd4 27.Kf2 b6 28.Nb3 Rf8 29.Rf4 Ne6 30.Rxf8+ Rxf8+ 31.Ke3 Nf5+ 32.Ke4 Ng5+ 33.Kf4 h6 34.g4 Nd4+ 35.Kg3 Nc2 36.Rc1 Ne3 37.c5